• 首页
  • 本馆介绍
  • 公告通知
  • 最新文献
  • 馆藏检索
  • 电子资源
  • 读者导购
  • 参考咨询
  • 我的图书馆
  • 登录
  • 详细信息显示
  • 放入我的书架
  • 预约/预借图书
  • 作者相关作品
  • 分类相关作品
  • 丛书相关作品
  • 出版社相关作品

书目信息

  • 表格格式
  • 工作单格式
  • 卡片格式
题名:
新编大学英语
    
 
作者: 浙江大学 编
分册: 2  
出版信息: 北京   外语教学与研究出版社  1999
页数: 355页
开本: 26cm
丛书名:
单 册:
中图分类: H31
科图分类:
主题词: 英语
电子资源:
ISBN: 7-5600-1505-0
000 00561nam0 2200193 450
001 0651544429
005 20070727113425.20
010    @a7-5600-1505-0@dCNY27.90
100    @a20061010d1999 km y0chiy0120 ea
101 0  @achi
102    @aCN@b110000
200 1  @a新编大学英语@Axin bian da xue ying yu@h2@f浙江大学编@Fzhe jiang da xue bian
210    @a北京@c外语教学与研究出版社@d1999
215    @a355页@d26cm@e附录音带
606 0  @a英语
690    @aH31@v3
701  0 @a浙江大学@Azhe jiang da xue@4编
801  0 @aCN@bPFT@c20070727
905    @a10447@dH31@e1020:2(1)
    
    新编大学英语.2/浙江大学编.-北京:外语教学与研究出版社,1999
    355页;26cm+附录音带
    
    
    ISBN 7-5600-1505-0:CNY27.90
    
●
相关链接 在E读中查询图书 在五车中查询图书 在当当中查询图书 在豆瓣中查询图书


正题名:新编大学英语     索取号:H31/1020:2(1)         预约/预借

序号 登录号 条形码 馆藏地/架位号 状态 备注
1 0655328   206553282   第二样本阅览室/ [索取号:H31/1020:2(1)] 在馆    
2 0788044   207880444   密集书库/ [索取号:H31/1020:2(1)] 在馆    
唐山师范学院图书馆 欢迎您!
大连网信软件有限公司© 版权所有